000 00379nam a2200145Ia 4500
005 20251222140025.0
008 251222s1900||||xx |||||||||||||| ||spa||
020 _a9788896426128
082 _a940/Z86
100 _aZorzin, Massimo
245 0 _aAlto Medioevo, aspetti linguistici, Storici e Culturali
250 _a1ra. ed.
264 _bEdizione L’Omino Rosso
942 _cLIB
999 _c2761
_d2761